[Event "Campeonato de Rusia 2007 Femenino Final"]
[Site "Moscu RUS"]
[Date "2007.12.24"]
[Round "6.3"]
[White "Stepovaia, Tatiana"]
[Black "Korbut, Ekaterina"]
[Result "0-1"]
[WhiteElo "2375"]
[BlackElo "2443"]
[PlyCount "127"]
[EventDate "2007.12.18"]
[EventType "tourn"]
[EventRounds "11"]
[EventCountry "RUS"]
[Source "lmi"]
[SourceDate "2007.12.18"]

1. e4 c5 2. Nf3 d6 3. d4 cxd4 4. Nxd4 Nf6 5. Nc3 a6 6. Be3 Ng4 7. Bg5 h6 8. Bh4
g5 9. Bg3 Bg7 10. h3 Ne5 11. f3 Nbc6 12. Bf2 Ng6 13. Qd2 Nxd4 14. Bxd4 Bxd4 15.
Qxd4 Qa5 16. O-O-O Be6 17. Bc4 Qe5 18. Bd5 Bxd5 19. Nxd5 Qxd4 20. Rxd4 O-O-O
21. a4 h5 22. Ne3 h4 23. Rhd1 Kb8 24. a5 Rc8 25. c4 Ne5 26. b3 Rhd8 27. Kb2 f6
28. Nd5 Nc6 29. R4d2 Rf8 30. Kc3 Rcd8 31. b4 e6 32. Nb6 Kc7 33. Kb3 Ne5 34. Rc1
f5 35. exf5 Rxf5 36. Re1 Re8 37. Re3 Nc6 38. Nd5+ Kd7 39. Nc3 Rd8 40. Re4 Rf4
41. Ka4 Ne7 42. Rxf4 gxf4 43. Ne4 Nc8 44. Nxd6 Nxd6 45. c5 Kc6 46. cxd6 Rxd6
47. Re2 Kd5 48. Rc2 e5 49. Rc7 Rg6 50. Rxb7 Rxg2 51. Rb6 Ra2+ 52. Kb3 Rf2 53.
Rxa6 Rxf3+ 54. Kc2 e4 55. b5 Rf2+ 56. Kc3 e3 57. b6 e2 58. Kd2 f3 59. b7 Rf1
60. Rd6+ Kc5 61. Re6 Rb1 62. a6 f2 63. Rxe2 f1=Q 64. a7 0-1

[Event "Campeonato de Rusia 2007 Femenino Final"]
[Site "Moscu RUS"]
[Date "2007.12.24"]
[Round "6.5"]
[White "Matveeva, Svetlana"]
[Black "Ovod, Evgenija"]
[Result "1/2-1/2"]
[WhiteElo "2433"]
[BlackElo "2386"]
[PlyCount "49"]
[EventDate "2007.12.18"]
[EventType "tourn"]
[EventRounds "11"]
[EventCountry "RUS"]
[Source "lmi"]
[SourceDate "2007.12.18"]

1. d4 Nf6 2. c4 e6 3. Nc3 Bb4 4. Qc2 d5 5. a3 Bxc3+ 6. Qxc3 c5 7. dxc5 d4 8.
Qc2 e5 9. e3 Nc6 10. b4 O-O 11. Nf3 Qe7 12. Bb2 Bg4 13. O-O-O dxe3 14. fxe3 e4
15. h3 Bh5 16. g4 exf3 17. gxh5 Qxe3+ 18. Kb1 Nxh5 19. Bd3 Rad8 20. Rhe1 Qf4
21. Re4 Qh6 22. Bc1 Qf6 23. Bb2 Qh6 24. Bc1 Qf6 25. Bb2 1/2-1/2

[Event "Campeonato de Rusia 2007 Femenino Final"]
[Site "Moscu RUS"]
[Date "2007.12.24"]
[Round "6.6"]
[White "Shadrina, Tatiana"]
[Black "Girya, Olga"]
[Result "1/2-1/2"]
[WhiteElo "2379"]
[BlackElo "2338"]
[PlyCount "101"]
[EventDate "2007.12.18"]
[EventType "tourn"]
[EventRounds "11"]
[EventCountry "RUS"]
[Source "lmi"]
[SourceDate "2007.12.18"]

1. e4 c5 2. Nf3 Nc6 3. d4 cxd4 4. Nxd4 e5 5. Nb5 d6 6. c4 Be7 7. N1c3 a6 8. Na3
f5 9. exf5 Bxf5 10. Bd3 Be6 11. O-O Nf6 12. Nd5 O-O 13. Be3 Rc8 14. Bb6 Qd7 15.
Nc2 Bd8 16. Be3 Qf7 17. Nxf6+ Bxf6 18. Rc1 Bxc4 19. Bxc4 Qxc4 20. Qxd6 Qxa2 21.
Nb4 Nxb4 22. Qxb4 Qd5 23. h3 Rfd8 24. Bb6 Rxc1 25. Rxc1 Bg5 26. Rf1 Rd6 27. Ba7
Rg6 28. Qa4 b5 29. Qc2 Qb7 30. Bc5 Bf4 31. Qb3+ Kh8 32. g3 Qc8 33. Qd5 h5 34.
Kh2 Qc6 35. Rd1 Qxd5 36. Rxd5 Bc1 37. b4 Re6 38. Kg2 Kg8 39. Rd1 Bg5 40. h4 Bf6
41. Kf3 e4+ 42. Kf4 Kf7 43. Rd7+ Kg6 44. Rd5 Bc3 45. Rd7 a5 46. bxa5 Bxa5 47.
Rb7 Bd2+ 48. Be3 Bb4 49. Bd4 Bd2+ 50. Be3 Bb4 51. Bd4 1/2-1/2

[Event "Campeonato de Rusia 2007 Femenino Final"]
[Site "Moscu RUS"]
[Date "2007.12.26"]
[Round "7.3"]
[White "Korbut, Ekaterina"]
[Black "Shadrina, Tatiana"]
[Result "1-0"]
[WhiteElo "2443"]
[BlackElo "2379"]
[PlyCount "63"]
[EventDate "2007.12.18"]
[EventType "tourn"]
[EventRounds "11"]
[EventCountry "RUS"]
[Source "lmi"]
[SourceDate "2007.12.18"]

1. e4 c5 2. Nf3 e6 3. d4 cxd4 4. Nxd4 Nf6 5. Nc3 d6 6. g4 h6 7. Be3 Nc6 8. h3
a6 9. f4 Qc7 10. Bg2 Be7 11. Qe2 Nxd4 12. Bxd4 e5 13. Be3 exf4 14. Bxf4 Be6 15.
O-O-O Nd7 16. h4 Ne5 17. Bh3 O-O-O 18. g5 Kb8 19. gxh6 gxh6 20. Nd5 Bxd5 21.
Rxd5 Bxh4 22. Kb1 Bf6 23. Bf1 Ng6 24. Bd2 Rde8 25. Qf2 Bg7 26. Rh3 Rc8 27. Ba5
Qc6 28. Rb3 Ka8 29. Rb6 Qa4 30. Bxa6 Rc7 31. Bxb7+ Rxb7 32. Rxb7 1-0

[Event "Campeonato de Rusia 2007 Femenino Final"]
[Site "Moscu RUS"]
[Date "2007.12.26"]
[Round "7.4"]
[White "Gunina, Valentina"]
[Black "Matveeva, Svetlana"]
[Result "0-1"]
[WhiteElo "2359"]
[BlackElo "2433"]
[PlyCount "72"]
[EventDate "2007.12.18"]
[EventType "tourn"]
[EventRounds "11"]
[EventCountry "RUS"]
[Source "lmi"]
[SourceDate "2007.12.18"]

1. d4 d5 2. c4 dxc4 3. Nf3 e6 4. e3 c5 5. Bxc4 a6 6. O-O Nf6 7. Bb3 b5 8. a4 b4
9. Nbd2 Be7 10. e4 Bb7 11. e5 Nfd7 12. Nc4 O-O 13. Bf4 cxd4 14. Nxd4 Nc5 15.
Bc2 Qd5 16. Ne3 Qd7 17. Nb3 Nxb3 18. Bxb3 Rd8 19. Qg4 Nc6 20. Rad1 Qe8 21. Nc4
Nd4 22. Ba2 Qxa4 23. Bb1 Nf3+ 24. gxf3 Rxd1 25. Nd2 Rxf1+ 26. Kxf1 Rd8 27. Kg2
Qd1 28. Bh6 Bf8 29. Be4 Rxd2 30. Bxb7 Rxb2 31. Bxa6 Qc2 32. Qg3 Qg6 33. Bg5 h6
34. Be3 Qxg3+ 35. hxg3 b3 36. f4 Ba3 0-1

[Event "Campeonato de Rusia 2007 Femenino Final"]
[Site "Moscu RUS"]
[Date "2007.12.26"]
[Round "7.6"]
[White "Girya, Olga"]
[Black "Kosintseva, Nadezhda"]
[Result "0-1"]
[WhiteElo "2338"]
[BlackElo "2469"]
[PlyCount "116"]
[EventDate "2007.12.18"]
[EventType "tourn"]
[EventRounds "11"]
[EventCountry "RUS"]
[Source "lmi"]
[SourceDate "2007.12.18"]

1. e4 c5 2. Nc3 d6 3. Bb5+ Bd7 4. a4 Nc6 5. Nge2 g6 6. O-O Bg7 7. d3 Nf6 8. f4
O-O 9. f5 Ne5 10. Bg5 h6 11. Be3 e6 12. h3 exf5 13. Bxd7 Qxd7 14. exf5 Kh7 15.
Nf4 Qxf5 16. Nfd5 Nxd5 17. Nxd5 Qc8 18. Nf6+ Kh8 19. Qe1 Nd7 20. Ne4 Qc6 21.
Qh4 d5 22. Nf2 h5 23. d4 Rae8 24. Qf4 c4 25. Bd2 f5 26. Bb4 Rf6 27. Rae1 Rfe6
28. Rxe6 Rxe6 29. g4 Qxa4 30. gxf5 Rf6 31. Qd2 Rxf5 32. Re1 Rf7 33. Bd6 Qc6 34.
Bg3 Qf6 35. c3 Re7 36. Re2 Qf7 37. Qe1 Rxe2 38. Qxe2 Bf6 39. Qe3 Kg7 40. Bf4
Qe7 41. Qf3 Bg5 42. Bc7 Qe6 43. Kg2 b5 44. Bg3 Qf5 45. Qe2 Kf7 46. Bd6 Bd8 47.
Kh2 Nf6 48. Be5 Be7 49. Nd1 Qe4 50. Ne3 a5 51. Qd2 b4 52. cxb4 axb4 53. Ng2 g5
54. Qf2 Ke6 55. Ne1 Nd7 56. Nf3 g4 57. Nd2 Qf5 58. Bf4 Qxf4+ 0-1

[Event "Campeonato de Rusia 2007 Femenino Final"]
[Site "Moscu RUS"]
[Date "2007.12.27"]
[Round "8.1"]
[White "Kosintseva, Nadezhda"]
[Black "Korbut, Ekaterina"]
[Result "1/2-1/2"]
[WhiteElo "2469"]
[BlackElo "2443"]
[PlyCount "143"]
[EventDate "2007.12.18"]
[EventType "tourn"]
[EventRounds "11"]
[EventCountry "RUS"]
[Source "lmi"]
[SourceDate "2007.12.18"]

1. e4 c5 2. Nf3 d6 3. d4 cxd4 4. Nxd4 Nf6 5. Nc3 a6 6. Bg5 e6 7. f4 Bd7 8. Qd2
h6 9. Bxf6 Qxf6 10. O-O-O Qd8 11. Bc4 Be7 12. Kb1 Qc8 13. Bb3 Nc6 14. g4 Na5
15. f5 Nxb3 16. cxb3 Qd8 17. Nce2 O-O 18. Ng3 Rc8 19. Rhf1 Bg5 20. Qf2 Qb6 21.
Nh5 e5 22. h4 Bd8 23. g5 hxg5 24. f6 g6 25. hxg5 gxh5 26. Qh2 Bg4 27. Nf5 Bxd1
28. Rxd1 Qc6 29. Qe2 b5 30. a3 Qc2+ 31. Qxc2 Rxc2 32. Kxc2 Kh7 33. Ne7 Bxe7 34.
fxe7 Rc8+ 35. Kd3 Kg6 36. Ke3 Kxg5 37. Rxd6 Re8 38. Rxa6 Rxe7 39. Rb6 h4 40.
Rxb5 f5 41. Rb8 f4+ 42. Kf3 Rd7 43. Rg8+ Kf6 44. Rf8+ Ke7 45. Rh8 Rd3+ 46. Kg4
Re3 47. Rxh4 Rxe4 48. Rh2 Re3 49. b4 Ke6 50. b5 Rg3+ 51. Kh4 Rg8 52. Rc2 f3 53.
b6 e4 54. b7 e3 55. Rc3 e2 56. Re3+ Kd5 57. b8=Q Rxb8 58. Kg3 Rf8 59. Kf2 Rf5
60. b4 Kc4 61. Re7 Kd3 62. Rd7+ Kc2 63. Re7 Rd5 64. Kxf3 Rd3+ 65. Kxe2 Rxa3 66.
b5 Rb3 67. Re5 Rb4 68. Rc5+ Kb3 69. Kd3 Ka4 70. Rc4 Kxb5 71. Rxb4+ Kxb4 72. Ke4
1/2-1/2

[Event "Campeonato de Rusia 2007 Femenino Final"]
[Site "Moscu RUS"]
[Date "2007.12.27"]
[Round "8.3"]
[White "Kosintseva, Tatiana"]
[Black "Stepovaia, Tatiana"]
[Result "0-1"]
[WhiteElo "2492"]
[BlackElo "2375"]
[PlyCount "112"]
[EventDate "2007.12.18"]
[EventType "tourn"]
[EventRounds "11"]
[EventCountry "RUS"]
[Source "lmi"]
[SourceDate "2007.12.18"]

1. e4 e5 2. Nf3 Nf6 3. Nxe5 d6 4. Nf3 Nxe4 5. Nc3 Nxc3 6. dxc3 Be7 7. Be3 Nd7
8. Qd2 Ne5 9. O-O-O O-O 10. h4 Re8 11. Kb1 Bf6 12. Ng5 Bf5 13. Bd4 h6 14. f4
Ng4 15. Bd3 Qd7 16. Nf3 Bxd4 17. Bxf5 Qxf5 18. Nxd4 Qd7 19. Nf3 Qb5 20. b3 Re2
21. Nd4 Rxd2 22. Nxb5 Rxg2 23. Rhe1 Nf6 24. Nxc7 Rc8 25. Nb5 a6 26. Nxd6 Rxc3
27. Rc1 b5 28. Re7 Rc6 29. Nf5 Rc5 30. Nd6 Rc6 31. Nf5 Nd5 32. Rd7 Nc3+ 33. Kb2
Rc5 34. Ne3 Re2 35. Ng4 Nd5 36. a3 Nxf4 37. Rd4 Ne6 38. Rd3 h5 39. Re3 Rg2 40.
Ne5 Nd4 41. Nf3 Nxc2 42. Re8+ Kh7 43. Rg1 Rxg1 44. Nxg1 Nd4 45. Nh3 Rc2+ 46.
Kb1 Rc3 47. Ng5+ Kg6 48. Ra8 Rxb3+ 49. Ka2 Rc3 50. Rxa6+ Rc6 51. Ra7 f6 52. Ne4
Nf5 53. Kb3 Nxh4 54. Rb7 Nf5 55. Nc3 h4 56. Rd7 Rd6 0-1

[Event "Campeonato de Rusia 2007 Femenino Final"]
[Site "Moscu RUS"]
[Date "2007.12.27"]
[Round "8.4"]
[White "Matveeva, Svetlana"]
[Black "Pogonina, Natalija"]
[Result "0-1"]
[WhiteElo "2433"]
[BlackElo "2462"]
[PlyCount "152"]
[EventDate "2007.12.18"]
[EventType "tourn"]
[EventRounds "11"]
[EventCountry "RUS"]
[Source "lmi"]
[SourceDate "2007.12.18"]

1. d4 Nf6 2. c4 c5 3. d5 b5 4. cxb5 a6 5. b6 e6 6. Nc3 Nxd5 7. Nxd5 exd5 8.
Qxd5 Nc6 9. Nf3 Rb8 10. e4 Be7 11. Bc4 O-O 12. Bd2 Rxb6 13. O-O d6 14. Bc3 Bf6
15. Qh5 h6 16. Bxf6 Qxf6 17. b3 Be6 18. Nd2 Nd4 19. Bxe6 Qxe6 20. Nc4 Rbb8 21.
Qd5 Rfd8 22. f3 Qxd5 23. exd5 Kf8 24. Rfd1 Ke7 25. Rd2 Kd7 26. Re1 Re8 27. Rxe8
Rxe8 28. Kf2 Rb8 29. Ke3 f5 30. h4 g5 31. hxg5 hxg5 32. Kf2 f4 33. Rd1 Re8 34.
Rh1 Re2+ 35. Kf1 Re7 36. Kf2 Nf5 37. Nd2 Ne3 38. Nc4 Nf5 39. Nd2 Ng3 40. Re1
Rxe1 41. Kxe1 Nf5 42. Ne4 Ne3 43. Kf2 Nxd5 44. Nxg5 Nb4 45. a4 Nd3+ 46. Ke2 Ne5
47. Ne4 Ke6 48. g3 fxg3 49. Nxg3 Nc6 50. Kd3 d5 51. f4 a5 52. Nf1 Nd4 53. Nd2
Kf5 54. Ke3 Ne6 55. Nf1 Nxf4 56. Nd2 Ne6 57. Nf3 Nd8 58. Ne1 Ke5 59. Nd3+ Kd6
60. Kd2 Nc6 61. Kc3 Nd4 62. Nf4 Nf3 63. Nd3 d4+ 64. Kc2 Kd5 65. Nf4+ Ke5 66.
Nd3+ Kd6 67. Nf2 Kd5 68. Ng4 c4 69. Nf6+ Kc5 70. Ne4+ Kb4 71. bxc4 Ne5 72. c5
Kxa4 73. Nd2 Kb4 74. Nb3 d3+ 75. Kb2 Nc4+ 76. Ka2 d2 0-1

[Event "Campeonato de Rusia 2007 Femenino Final"]
[Site "Moscu RUS"]
[Date "2007.12.27"]
[Round "8.5"]
[White "Shadrina, Tatiana"]
[Black "Kovalevskaya, Ekaterina"]
[Result "1-0"]
[WhiteElo "2379"]
[BlackElo "2448"]
[PlyCount "101"]
[EventDate "2007.12.18"]
[EventType "tourn"]
[EventRounds "11"]
[EventCountry "RUS"]
[Source "lmi"]
[SourceDate "2007.12.18"]

1. e4 e5 2. Nf3 Nc6 3. Bb5 a6 4. Ba4 Nf6 5. O-O Be7 6. Re1 d6 7. h3 b5 8. Bb3
Na5 9. d4 Nxb3 10. axb3 Bb7 11. d5 O-O 12. c4 c5 13. dxc6 Bxc6 14. Nc3 Qb8 15.
Nd5 Bxd5 16. cxd5 Rc8 17. Bg5 h6 18. Bd2 Nd7 19. Nh2 Qb7 20. Qf3 Nf8 21. Nf1
Bg5 22. Bxg5 hxg5 23. Ne3 Qd7 24. Qf5 Qd8 25. Rec1 Rxc1+ 26. Rxc1 Nd7 27. Rc6
Nc5 28. Qg4 g6 29. h4 gxh4 30. Nf5 Nb7 31. Nxh4 Qf6 32. Rc7 Nd8 33. Nf5 Kf8 34.
Ne3 a5 35. Qd7 a4 36. bxa4 bxa4 37. Ng4 Qg5 38. Qxd6+ Kg7 39. Qxe5+ Qxe5 40.
Nxe5 Rb8 41. Nc4 Rb5 42. Kf1 Nb7 43. Ke2 Kf8 44. d6 Nd8 45. f4 Ke8 46. g4 Ne6
47. Re7+ Kf8 48. f5 gxf5 49. gxf5 Nc5 50. Re5 f6 51. d7 1-0

[Event "Campeonato de Rusia 2007 Femenino Final"]
[Site "Moscu RUS"]
[Date "2007.12.27"]
[Round "8.6"]
[White "Ovod, Evgenija"]
[Black "Gunina, Valentina"]
[Result "1-0"]
[WhiteElo "2386"]
[BlackElo "2359"]
[PlyCount "141"]
[EventDate "2007.12.18"]
[EventType "tourn"]
[EventRounds "11"]
[EventCountry "RUS"]
[Source "lmi"]
[SourceDate "2007.12.18"]

1. d4 d5 2. c4 e6 3. Nc3 c5 4. cxd5 exd5 5. Nf3 Nc6 6. Bg5 Be7 7. Bxe7 Ngxe7 8.
e3 cxd4 9. Nxd4 Qb6 10. Qb3 Qa5 11. Qb5 Qd8 12. Be2 O-O 13. Rd1 Bd7 14. Qc5 b6
15. Nxc6 Bxc6 16. Qb4 Qc7 17. Bf3 d4 18. Rxd4 Bxf3 19. gxf3 Qb7 20. Re4 Nc6 21.
Qb5 a6 22. Qf5 Ne7 23. Qe5 Rae8 24. Rg1 Ng6 25. Qf5 Qc7 26. Rg3 b5 27. h4 b4
28. Rxb4 Rxe3+ 29. Kf1 Re5 30. Qg4 h5 31. Qc4 Qd6 32. Qd4 Qe7 33. Nd5 Rxd5 34.
Qxd5 Qxb4 35. Rxg6 Qxh4 36. Kg2 Rd8 37. Rd6 Rxd6 38. Qxd6 Qg5+ 39. Qg3 Qb5 40.
b3 Qa5 41. Qb8+ Kh7 42. Qb7 Qg5+ 43. Kh2 Qf6 44. a4 a5 45. Qd5 h4 46. Qh5+ Kg8
47. Qxa5 Qf4+ 48. Kg1 f5 49. Qd5+ Kh7 50. Qc4 Qg5+ 51. Kh2 h3 52. Qf1 Qf4+ 53.
Kxh3 Qxf3+ 54. Kh2 Qf4+ 55. Kg1 Qf3 56. Qc4 f4 57. Qe6 g5 58. Qd7+ Kh6 59. b4
Qb3 60. a5 Qxb4 61. Qe6+ Kh5 62. Qh3+ Kg6 63. Qe6+ Kh5 64. Qh3+ Kg6 65. Qd3+
Kh5 66. a6 Qe1+ 67. Kg2 Qe7 68. Qf3+ Kg6 69. Qc6+ Kh5 70. Qb7 Qe6 71. Qh7+ 1-0

[Event "Campeonato de Rusia 2007 Femenino Final"]
[Site "Moscu RUS"]
[Date "2007.12.28"]
[Round "9.2"]
[White "Pogonina, Natalija"]
[Black "Ovod, Evgenija"]
[Result "1/2-1/2"]
[WhiteElo "2462"]
[BlackElo "2386"]
[PlyCount "93"]
[EventDate "2007.12.18"]
[EventType "tourn"]
[EventRounds "11"]
[EventCountry "RUS"]
[Source "lmi"]
[SourceDate "2007.12.18"]

1. e4 e6 2. d4 d5 3. Nd2 c5 4. exd5 Qxd5 5. Ngf3 cxd4 6. Bc4 Qd6 7. O-O Nf6 8.
Nb3 Nc6 9. Nbxd4 Nxd4 10. Nxd4 Qc7 11. Bb3 a6 12. Qf3 Bd6 13. h3 O-O 14. Bg5
Nd7 15. c3 b5 16. Rad1 Ne5 17. Qe2 Ng6 18. Bc2 Bb7 19. Be4 Nf4 20. Qf3 Bxe4 21.
Qxe4 h6 22. Bh4 f5 23. Qc2 Rae8 24. Bg3 Nd5 25. Bxd6 Qxd6 26. Qb3 Nf4 27. Nxf5
Qe5 28. Ne3 Ne2+ 29. Kh1 Rxf2 30. Rxf2 Ng3+ 31. Kg1 Qxe3 32. Qc2 Ne4 33. Qe2
Qxf2+ 34. Qxf2 Nxf2 35. Kxf2 Kf7 36. Rd6 Ra8 37. Rb6 Kf6 38. Ke3 Ke5 39. Rb7 g6
40. Rg7 Kf6 41. Rd7 h5 42. Kd4 Rc8 43. b3 e5+ 44. Kd3 Ke6 45. Rg7 Kf5 46. Rf7+
Ke6 47. Rg7 1/2-1/2

[Event "Campeonato de Rusia 2007 Femenino Final"]
[Site "Moscu RUS"]
[Date "2007.12.28"]
[Round "9.3"]
[White "Gunina, Valentina"]
[Black "Kosintseva, Tatiana"]
[Result "1-0"]
[WhiteElo "2359"]
[BlackElo "2492"]
[PlyCount "85"]
[EventDate "2007.12.18"]
[EventType "tourn"]
[EventRounds "11"]
[EventCountry "RUS"]
[Source "lmi"]
[SourceDate "2007.12.18"]

1. d4 Nf6 2. c4 e6 3. Nf3 b6 4. g3 Ba6 5. b3 Bb4+ 6. Bd2 Be7 7. Nc3 O-O 8. e4
d5 9. cxd5 Bxf1 10. Kxf1 exd5 11. e5 Ne4 12. Kg2 c5 13. Re1 Nc6 14. Qe2 f5 15.
exf6 Bxf6 16. Rad1 Re8 17. Qd3 Nb4 18. Qb1 Nxd2 19. Rxd2 Qd7 20. Red1 Rac8 21.
a3 Nc6 22. Ne2 c4 23. Nf4 Na5 24. Ne5 Qb7 25. bxc4 dxc4+ 26. f3 Nb3 27. Re2
Nxd4 28. Rxd4 Rxe5 29. Red2 c3 30. Rd7 Qa6 31. Rc2 Qxa3 32. Nd5 Rxd5 33. Rxd5
Qa4 34. Qd1 b5 35. Qe2 Rb8 36. Rc5 Qb3 37. Qe4 b4 38. Rc4 Rd8 39. Re2 a5 40.
Qc6 Rf8 41. Qe6+ Kh8 42. Qf7 Rg8 43. Re8 1-0

[Event "Campeonato de Rusia 2007 Femenino Final"]
[Site "Moscu RUS"]
[Date "2007.12.28"]
[Round "9.4"]
[White "Girya, Olga"]
[Black "Matveeva, Svetlana"]
[Result "1-0"]
[WhiteElo "2338"]
[BlackElo "2433"]
[PlyCount "93"]
[EventDate "2007.12.18"]
[EventType "tourn"]
[EventRounds "11"]
[EventCountry "RUS"]
[Source "lmi"]
[SourceDate "2007.12.18"]

1. e4 e6 2. d4 d5 3. Nc3 Nf6 4. e5 Nfd7 5. f4 c5 6. Nf3 Nc6 7. Be3 a6 8. Qd2 b5
9. a3 Bb7 10. Bd3 Qc7 11. O-O O-O-O 12. Qf2 c4 13. Be2 Nb6 14. b4 h6 15. Rfb1
Be7 16. a4 Nxb4 17. axb5 a5 18. Bf1 Kd7 19. Rxa5 Ra8 20. Rba1 Rxa5 21. Rxa5 Ra8
22. Rxa8 Bxa8 23. Qd2 Qa7 24. Qc1 Na4 25. Nd1 Qa5 26. Qb1 Nb6 27. Bd2 Qa4 28.
Ne1 Bb7 29. Be2 Qa2 30. Qc1 Qa5 31. c3 Na2 32. Qc2 Qa3 33. f5 Bc8 34. fxe6+
fxe6 35. Bg4 Bf8 36. Bxe6+ Kxe6 37. Qg6+ Ke7 38. Qxb6 Be6 39. Qc5+ Qxc5 40.
dxc5 Kd7 41. Be3 Bf5 42. Kf2 Kc7 43. Ke2 Bd7 44. b6+ Kb7 45. Kd2 Be7 46. Nf3 g5
47. h3 1-0

[Event "Campeonato de Rusia 2007 Femenino Final"]
[Site "Moscu RUS"]
[Date "2007.12.28"]
[Round "9.5"]
[White "Stepovaia, Tatiana"]
[Black "Shadrina, Tatiana"]
[Result "0-1"]
[WhiteElo "2375"]
[BlackElo "2379"]
[PlyCount "142"]
[EventDate "2007.12.18"]
[EventType "tourn"]
[EventRounds "11"]
[EventCountry "RUS"]
[Source "lmi"]
[SourceDate "2007.12.18"]

1. e4 c5 2. Nc3 Nc6 3. g3 g6 4. d3 Bg7 5. Be3 d6 6. Qd2 Rb8 7. Bg2 b5 8. f4 b4
9. Nd1 Nd4 10. c3 bxc3 11. bxc3 Nb5 12. Ne2 Nf6 13. h3 O-O 14. Rb1 Nd7 15. a4
Nc7 16. Rxb8 Nxb8 17. O-O Bd7 18. Nb2 Qc8 19. g4 f5 20. gxf5 gxf5 21. Kh2 Qe8
22. Ng3 fxe4 23. dxe4 Kh8 24. Bf3 Qf7 25. Nh5 Rg8 26. Nxg7 Qxg7 27. Rg1 Qf7 28.
Rxg8+ Kxg8 29. Qg2+ Qg7 30. Qc2 Qf7 31. Nd3 Bc6 32. Nf2 Nd7 33. Ng4 Kf8 34. a5
Ne8 35. Bg2 Nef6 36. Nxf6 Nxf6 37. e5 Bxg2 38. exf6 Bc6 39. fxe7+ Kxe7 40. f5
Qd5 41. Bg5+ Kf7 42. Qe2 Qxf5 43. Qe7+ Kg6 44. Qxd6+ Kxg5 45. Qxc6 Qc2+ 46. Kg1
Qc1+ 47. Kf2 Qb2+ 48. Kg1 Qa1+ 49. Kf2 Qb2+ 50. Kg1 Qxc3 51. Qd5+ Kg6 52. Qe4+
Kf6 53. Qc6+ Kg5 54. Qd5+ Kf4 55. Qf7+ Kg3 56. Qg8+ Kf3 57. Qf7+ Ke2 58. Qxa7
Qg3+ 59. Kh1 Qxh3+ 60. Kg1 Qg3+ 61. Kh1 c4 62. Qe7+ Kd2 63. Qb4+ c3 64. Qd4+
Qd3 65. Qf4+ Ke2 66. Qe5+ Qe3 67. Qh2+ Kf1 68. Qg2+ Ke1 69. Qa2 Qh3+ 70. Kg1
Qf1+ 71. Kh2 Qf2+ 0-1

[Event "Campeonato de Rusia 2007 Femenino Final"]
[Site "Moscu RUS"]
[Date "2007.12.28"]
[Round "9.6"]
[White "Kovalevskaya, Ekaterina"]
[Black "Kosintseva, Nadezhda"]
[Result "0-1"]
[WhiteElo "2448"]
[BlackElo "2469"]
[PlyCount "60"]
[EventDate "2007.12.18"]
[EventType "tourn"]
[EventRounds "11"]
[EventCountry "RUS"]
[Source "lmi"]
[SourceDate "2007.12.18"]

1. e4 c5 2. Nf3 Nc6 3. d4 cxd4 4. Nxd4 Nf6 5. Nc3 d6 6. Bg5 e6 7. Qd2 a6 8.
O-O-O Bd7 9. Nxc6 Bxc6 10. Qe1 Be7 11. e5 Nd5 12. Bxe7 Qxe7 13. Nxd5 Bxd5 14.
c4 Rc8 15. Kb1 Bxc4 16. Rc1 d5 17. b3 b5 18. bxc4 bxc4 19. Ka1 O-O 20. h4 Rc5
21. Qc3 Rb5 22. Be2 Rfb8 23. Rb1 Qxh4 24. Rbf1 Qd8 25. f4 Qb6 26. Rd1 Rb4 27.
f5 exf5 28. Bf3 d4 29. Qc2 d3 30. Qc3 Qa5 0-1

[Event "Campeonato de Rusia 2007 Femenino Final"]
[Site "Moscu RUS"]
[Date "2007.12.29"]
[Round "10.2"]
[White "Matveeva, Svetlana"]
[Black "Korbut, Ekaterina"]
[Result "1/2-1/2"]
[WhiteElo "2433"]
[BlackElo "2443"]
[PlyCount "146"]
[EventDate "2007.12.18"]
[EventType "tourn"]
[EventRounds "11"]
[EventCountry "RUS"]
[Source "lmi"]
[SourceDate "2007.12.18"]

1. d4 d5 2. c4 dxc4 3. Nf3 Nf6 4. e3 a6 5. Bxc4 e6 6. O-O c5 7. Bb3 b5 8. a4 b4
9. Nbd2 Be7 10. e4 Bb7 11. e5 Nfd7 12. Nc4 O-O 13. Nd6 Bxd6 14. exd6 Qf6 15. d5
e5 16. a5 Qxd6 17. Re1 Rd8 18. Bg5 f6 19. Bh4 Nf8 20. Rxe5 Ng6 21. Re6 Qf8 22.
Bg3 Nd7 23. Rc1 Kh8 24. d6 Rac8 25. Qe2 Bxf3 26. Qxf3 Nde5 27. Qd5 c4 28. Bxc4
Rc6 29. h4 Rcxd6 30. Rxd6 Rxd6 31. Qb7 Rc6 32. b3 Qc8 33. Qxc8+ Rxc8 34. h5
Nxc4 35. hxg6 Nd6 36. Rxc8+ Nxc8 37. gxh7 Ne7 38. Kf1 Nc6 39. Bc7 Nd4 40. Bd6
Kxh7 41. Bxb4 Kg6 42. Bc3 Nb5 43. Bb2 Kf5 44. Ke2 Ke4 45. f3+ Kd5 46. Kd3 Nc7
47. b4 Ne6 48. Bc1 f5 49. Be3 Nc7 50. Bb6 Nb5 51. g3 g6 52. Ke3 Ke5 53. Bd8 f4+
54. gxf4+ Kd5 55. Kd3 Nd4 56. Bf6 Nb5 57. Be5 Na3 58. Kc3 Nb5+ 59. Kb3 Na7 60.
Kc3 Nb5+ 61. Kd3 Na3 62. Bg7 Nb5 63. Bf8 Nd4 64. Bc5 Nxf3 65. Bf2 Nh2 66. Bd4
Ng4 67. b5 axb5 68. a6 Kc6 69. a7 Kb7 70. Kc3 Nh6 71. Kb4 Nf5 72. Bc5 Ng7 73.
Kxb5 Ne6 1/2-1/2

[Event "Campeonato de Rusia 2007 Femenino Final"]
[Site "Moscu RUS"]
[Date "2007.12.29"]
[Round "10.3"]
[White "Gunina, Valentina"]
[Black "Pogonina, Natalija"]
[Result "1-0"]
[WhiteElo "2359"]
[BlackElo "2462"]
[PlyCount "105"]
[EventDate "2007.12.18"]
[EventType "tourn"]
[EventRounds "11"]
[EventCountry "RUS"]
[Source "lmi"]
[SourceDate "2007.12.18"]

1. d4 Nf6 2. c4 c5 3. d5 b5 4. a4 Qa5+ 5. Nc3 b4 6. Nb1 e5 7. Nd2 d6 8. e4 g6
9. b3 Bg7 10. Bd3 O-O 11. Ne2 Nh5 12. Bb2 Qd8 13. O-O Qg5 14. Nf3 Qe7 15. Qd2
f5 16. exf5 Bxf5 17. Bxf5 Rxf5 18. Qe3 Rf8 19. Rae1 Nd7 20. Bc1 Rae8 21. Qg5
Qf7 22. Qh4 h6 23. Qh3 Qf5 24. Qxf5 gxf5 25. Ng3 Nxg3 26. fxg3 e4 27. Nh4 Ne5
28. Be3 Ng4 29. Nxf5 Nxe3 30. Nxe3 Bd4 31. Rf4 Rf7 32. Kf2 Ref8 33. Rxf7 Rxf7+
34. Ke2 Kg7 35. Rf1 Rxf1 36. Nxf1 Kf6 37. g4 Bg1 38. h4 Ke5 39. Ng3 a6 40. g5
hxg5 41. hxg5 Bh2 42. g6 Kf6 43. Nxe4+ Kxg6 44. g3 Kf5 45. Nxd6+ Ke5 46. Nb7
Bg1 47. Kd3 Kf5 48. g4+ Ke5 49. g5 Bd4 50. g6 Kf6 51. d6 Ke6 52. d7 Kxd7 53.
Nxc5+ 1-0

[Event "Campeonato de Rusia 2007 Femenino Final"]
[Site "Moscu RUS"]
[Date "2007.12.29"]
[Round "10.4"]
[White "Kosintseva, Tatiana"]
[Black "Shadrina, Tatiana"]
[Result "1-0"]
[WhiteElo "2492"]
[BlackElo "2379"]
[PlyCount "57"]
[EventDate "2007.12.18"]
[EventType "tourn"]
[EventRounds "11"]
[EventCountry "RUS"]
[Source "lmi"]
[SourceDate "2007.12.18"]

1. e4 c5 2. Nf3 e6 3. d4 cxd4 4. Nxd4 Nf6 5. Nc3 d6 6. g4 h6 7. h3 a6 8. Bg2
Qc7 9. Qe2 Nc6 10. Be3 Ne5 11. f4 Nc4 12. O-O-O Bd7 13. Kb1 Rc8 14. Bc1 b5 15.
Rhe1 Be7 16. e5 dxe5 17. fxe5 Nh7 18. Nd5 Qd8 19. Nf5 exf5 20. gxf5 O-O 21. f6
Bc5 22. Be4 g6 23. e6 fxe6 24. Qg2 Rxf6 25. Nxf6+ Qxf6 26. Rf1 Qg7 27. Rxd7
Qxd7 28. Qxg6+ Qg7 29. Qxe6+ 1-0